Las primeras ediciones de la obra del Padre Lacunza, Venida del Mesías en Gloria y Magestad. Ensayo filológico bibliográfico
Salvato in:
| Autore principale: | |
|---|---|
| Natura: | Libro |
| Lingua: | spagnolo |
| Pubblicazione: |
Santiago
Imprenta Universitaria
1948
|
| Edizione: | 1a. ed |
| Soggetti: | |
| Tags: |
Aggiungi Tag
Nessun Tag, puoi essere il primo ad aggiungerne!!
|
MARC
| LEADER | 00000nam a2200000 a 4500 | ||
|---|---|---|---|
| 001 | UCJ3479 | ||
| 003 | CL-VaPUC | ||
| 008 | 070124e19480122CL |||||||||||||||||spa|d | ||
| 082 | 0 | 4 | |a 090 |b SCH |2 21 |
| 100 | 0 | |a Schaible, Carl H. |e author |9 505351 | |
| 245 | 1 | 4 | |a Las primeras ediciones de la obra del Padre Lacunza, Venida del Mesías en Gloria y Magestad. Ensayo filológico bibliográfico |
| 250 | |a 1a. ed | ||
| 300 | |a 145 p | ||
| 942 | |c BK | ||
| 945 | |d 20070124 00:00:00 |a rinostro | ||
| 260 | |a Santiago |b Imprenta Universitaria |c 1948 | ||
| 500 | |a En el frontispicio, retrato del Padre Lacunza.- Portada a dos tintas.- Reproducción facsimilar de varias portadas correspondientes a primeras ediciones de la obra | ||
| 600 | 0 | |a Lacunza y Díaz, Manuel |d 1731-1801 |q Ben-Ezra, Juan Josafat |9 505297 | |
| 650 | 0 | |a Escatología |9 314395 | |
| 650 | 7 | |a BIBLIOGRAFIA CRITICA |2 CL-VaPUC |9 505352 | |
| 650 | 0 | |a Iconografía |9 267998 | |
| 650 | 7 | |a BIBLIOFILIA |2 CL-VaPUC |9 334512 | |
| 650 | 7 | |a LIBRO RARO CHILENO |2 CL-VaPUC |9 504266 | |
| 583 | |a last modification |c 20070124 00:00:00 |k Rodrigo Vera | ||
| 999 | |c 319601 |d 319599 | ||
| 952 | |0 0 |1 0 |4 0 |6 090_000000000000000_SCH_1948 |7 0 |8 X |9 397952 |a FDOBUD |b FDOBUD |d 2019-11-22 |i 1028332 |o 090 SCH 1948 |p 1028332 |r 2019-11-22 |w 2019-11-22 |y BK_X |k BUD | ||